| 000 | 01642nmc a2200469 a 4500 | ||
|---|---|---|---|
| 003 | AR-BaBNM | ||
| 005 | 20251128204525.0 | ||
| 008 | 065019s1965 ||||||||||||||000 | spa|| | ||
| 040 | _cAR-BaBNM | ||
| 245 | 1 | 0 | _aPsicopatología y educación del niño |
| 260 |
_aBuenos Aires _bPaidós _c1965-1967 |
||
| 300 | 0 |
_a633 p. _bgráfs. |
|
| 490 | 0 |
_aNueva enciclopedia pedagógica del educador. La educación y sus fundamentos _vv. 3 |
|
| 500 | 0 | _aContiene anexos | |
| 500 | 1 | _aContiene: Introducción al psicoanális para educadores - Psicoanálisis del desarrollo y de las pertubaciones de la personalidad del niño - El niño deficiente físico, mental y emocional - El niño deficiente mental - La ayuda escolar: los asistentes educacio | |
| 500 | 0 | _aEl 1er. título del contenido corresponde a la 5a ed. | |
| 504 | _aContiene bibliografía | ||
| 650 | 4 | _aPSICOANALISIS | |
| 650 | 4 | _aDESARROLLO DE LA PERSONALIDAD | |
| 650 | 4 | _aTRASTORNOS EMOCIONALES | |
| 650 | 4 | _aINFANCIA | |
| 650 | 4 | _aPSICOPATOLOGIA | |
| 650 | 4 | _aNINOS MINUSVALIDOS | |
| 650 | 4 | _aPSICOLOGIA DEL NIÑO | |
| 650 | 4 | _aAUTISMO | |
| 650 | 4 | _aDELINCUENCIA JUVENIL | |
| 650 | 4 | _aEDUCACION DE LA PRIMERA INFANCIA | |
| 650 | 4 | _aDIAGNOSTICO MEDICO | |
| 650 | 4 | _aTRATAMIENTO MEDICO | |
| 653 | 0 | _aDISCAPACIDAD MOTORA | |
| 653 | 0 | _aDISCAPACIDAD MENTAL | |
| 653 | 0 | _aDISCAPACIDAD VISUAL | |
| 700 | 1 | _aFreud, Anna | |
| 700 | 1 |
_aGarma, Angel _eprologuista |
|
| 700 | 1 | _aBenedek, Therese | |
| 700 | 1 | _aGerard, M.W. | |
| 700 | 1 | _aWallin, John Edward Wallace. | |
| 700 | 1 | _aMayer-Gross, W. | |
| 700 | 1 | _aRoth, M. | |
| 942 | _cBK | ||
| 998 | _cGrace | ||
| 999 |
_c7772 _d7772 |
||